| Tag |
First Indicator |
Second Indicator |
Subfields |
| LEADER |
00000cam a2200000Ia 4500 |
| 001 |
in00002363775 |
| 005 |
20151109040800.0 |
| 008 |
071207s2008 nyu b 000 0 eng d |
| 020 |
|
|
|a 9781599410326 (pbk. : alk. paper)
|
| 020 |
|
|
|a 159941032X (pbk. : alk. paper)
|
| 035 |
|
|
|a (OCoLC)ocn857793352
|
| 035 |
|
|
|a (OCoLC)857793352
|
| 040 |
|
|
|a TXA
|c TXA
|d TXA
|d UtOrBLW
|
| 043 |
|
|
|a n-us---
|
| 049 |
|
|
|a TXAM
|
| 050 |
|
4 |
|a KF4119
|b .E277 2008
|
| 245 |
0 |
0 |
|a Education law stories /
|c edited by Michael A. Olivas, Ronna Greff Schneider.
|
| 264 |
|
1 |
|a New York :
|b Foundation Press :
|a [St. Paul, Minn.] :
|b Thomson/West,
|c 2008.
|
| 300 |
|
|
|a vii, 376 pages ;
|c 26 cm.
|
| 336 |
|
|
|a text
|b txt
|2 rdacontent
|
| 337 |
|
|
|a unmediated
|b n
|2 rdamedia
|
| 338 |
|
|
|a volume
|b nc
|2 rdacarrier
|
| 504 |
|
|
|a Includes bibliographical references.
|
| 505 |
0 |
0 |
|t Education law stories : law and society in the classroom /
|r Michael A. Olivias and Ronna Greff Schneider --
|t The story of Brown v. Board of Education : the long road to racial equality /
|r Leland Ware --
|t The story of San Antonio Independent School Dist. v. Rodriguez : school finance, local control, and constitutional limits /
|r Michael Heise --
|t The story of Grutter v. Bollinger : affirmative action wins /
|r Wendy Parker --
|t The story of Lau v. Nichols : breaking the silence in Chinatown /
|r Rachel F. Moran --
|t The story of the Virginia Military Institute : negotiating sameness and difference /
|r Rosemary C. Salomone --
|t The story of Southeastern Community College v. Davis : the prequel to the television series "ER" /
|r Laura Rothstein --
|t The story of Hazelwood School District v. Kuhlmeier : student press and the school censor /
|r Ann Proffitt Dupre --
|t The story of Board of Regents of the University of Wisconsin System v. Southworth : "loosing battles, wining wars" /
|r Linda S. Greene --
|t The story of Keyishian v. Board Regents : loyalty oaths, academic freedom and free speech in the university community /
|r Robert M. O'Neil --
|t The story of Edwards v. Aguillard : the genesis of creation-science /
|r Leslie C. Griffin --
|t The story of Santa Fe Independent School District v. Doe : God and football in Texas /
|r Erwin Chemerinsky --
|t The story of Pottawatomie County v. Lindsay Earls : drug testing in the public schools /
|r Robert M. Bloom.
|
| 650 |
|
0 |
|a Educational law and legislation
|z United States
|v Cases.
|
| 700 |
1 |
|
|a Olivas, Michael A.
|
| 700 |
1 |
|
|a Schneider, Ronna Greff.
|
| 948 |
|
|
|a cataloged
|b h
|c 2013/9/10
|d c
|e jolivare
|f 1:36:59 pm
|
| 994 |
|
|
|a C0
|b TXA
|
| 999 |
|
|
|a MARS
|
| 999 |
f |
f |
|s d50e2b12-3111-3ee6-a859-ee3cbb1fbfe5
|i e0044bb6-3a0d-3367-ad78-af00e953a95e
|t 0
|
| 952 |
f |
f |
|p normal
|a Texas A&M University
|b College Station
|c Sterling C. Evans Library
|d Evans: Library Stacks
|t 0
|e KF4119 .E277 2008
|h Library of Congress classification
|i unmediated -- volume
|m A14836840087
|
| 998 |
f |
f |
|a KF4119 .E277 2008
|t 0
|l Evans: Library Stacks
|